[Event "SVK-chT2C 1819"]
[Site "Slovakia"]
[Date "2019.02.03"]
[Round "7.5"]
[White "Allaram, Norbert"]
[Black "Frink, Ferenc"]
[Result "1-0"]
[WhiteElo "1947"]
[BlackElo "2066"]
[PlyCount "69"]
[EventDate "2018.10.13"]
[EventType "team-tourn"]
[EventRounds "11"]
[EventCountry "SVK"]
[SourceTitle "CBM 189 Extra"]
[Source "ChessBase"]
[SourceDate "2019.06.03"]
[SourceVersion "1"]
[SourceVersionDate "2019.06.03"]
[SourceQuality "1"]
[WhiteTeam "Vinica"]
[BlackTeam "Filakovo"]
[WhiteTeamCountry "SVK"]
[BlackTeamCountry "SVK"]

1. c4 Nf6 2. d4 Nc6 3. Nc3 e5 4. Nf3 exd4 5. Nxd4 Bc5 6. Nb3 Bb4 7. Qc2 d5 8. e3 Be6 9. cxd5 Bxd5 10. Bd2 0-0 11. Rd1 Qe7 12. Nxd5 Nxd5 13. a3 Nxe3 14. fxe3 Qxe3+ 15. Be2 Rfe8 16. Bxb4 Nxb4 17. axb4 Qb6 18. Qc5 Qf6 19. Qc3 Qh4+ 20. Kf1 Re4 21. Rd4 Rae8 22. Rxe4 Qxe4 23. Bf3 Qb1+ 24. Nc1 Qf5 25. Kf2 g5 26. h3 h5 27. g4 Qf4 28. Ne2 Qd6 29. gxh5 Re5 30. Rg1 Qb6+ 31. Kf1 f6 32. h4 Re3 33. Bd5+ Kh7 34. Qc2+ Kh6 35. Qg6# 1-0

[Event "SVK-chT2C 1819"]
[Site "Slovakia"]
[Date "2018.10.13"]
[Round "1.7"]
[White "Allaram, Norbert"]
[Black "Holeczy, Martin"]
[Result "0-1"]
[WhiteElo "1947"]
[BlackElo "1991"]
[PlyCount "75"]
[EventDate "2018.10.13"]
[EventType "team-tourn"]
[EventRounds "11"]
[EventCountry "SVK"]
[SourceTitle "CBM 187 Extra"]
[Source "ChessBase"]
[SourceDate "2018.11.04"]
[SourceVersion "1"]
[SourceVersionDate "2018.11.04"]
[SourceQuality "1"]
[WhiteTeam "Vinica"]
[BlackTeam "Banska Bystrica Veza"]
[WhiteTeamCountry "SVK"]
[BlackTeamCountry "SVK"]

1. c4 Nf6 2. Nf3 g6 3. Nc3 d5 4. cxd5 Nxd5 5. Qb3 Nxc3 6. bxc3 Bg7 7. d4 0-0 8. Bf4 c5 9. e3 Nc6 10. Qb5 cxd4 11. exd4 Bg4 12. Be2 Bxf3 13. Bxf3 Nxd4 14. Qxb7 Nc2+ 15. Ke2 Nxa1 16. Qxa8 Qa5 17. Qd5 Qxc3 18. Rc1 Nc2 19. Kf1 Qb4 20. Bd2 Qb2 21. Qe4 Nd4 22. Be3 Nxf3 23. gxf3 Qxa2 24. Qxe7 a5 25. Qd7 h5 26. Bc5 Rb8 27. Bd4 Rb1 28. Rxb1 Qxb1+ 29. Kg2 Bxd4 30. Qxd4 Qb4 31. Qe5 a4 32. Qe8+ Kg7 33. Qe5+ Kh7 34. Qe8 Qb3 35. f4 a3 36. f5 Qd5+ 37. Kg3 Qxf5 38. Qe3 0-1